000 00345nam a2200157Ia 4500
003 OSt
005 20240222122853.0
008 170524s9999 xx 000 0 und d
020 _a978-0070583894
040 _cIIMT UNIVERSITY MEERUT
100 _aSingh MD
245 0 _aPower Electronics
260 _bTMH
260 _c2007
942 _2ddc
_c02
999 _c5146
_d5146